Sulla televisione /
Salvato in:
| Autore principale: | |
|---|---|
| Altri autori: | |
| Natura: | Libro |
| Lingua: | italiano |
| Pubblicazione: |
Milano :
Feltrinelli,
1997
|
| Serie: | Elementi Feltrinelli. Società
|
| Soggetti: | |
| Tags: |
Nessun Tag, puoi essere il primo ad aggiungerne!!
|
MARC
| LEADER | 00000nam a2200000 i 4500 | ||
|---|---|---|---|
| 001 | IT\ICCU\LO1\0441406 | ||
| 003 | ItRI | ||
| 005 | 20241223134113.0 | ||
| 008 | 971017s1997 it |||||| ||||| |||||c | ||
| 015 | |2 IT |a 98-2585 | ||
| 020 | |a 8807470160 | ||
| 040 | |b ita |c ARCIGAY RIMINI | ||
| 041 | 7 | |a ita |2 ISO-639-2 | |
| 082 | |a 302.2345 |2 20 | ||
| 100 | 1 | |a Bourdieu, Pierre |0 IT\ICCU\CFIV\000974 |4 aut | |
| 245 | 1 | 0 | |a Sulla televisione / |c Pierre Bourdieu ; traduzione di Alessandro Serra. |
| 260 | |a Milano : |b Feltrinelli, |c 1997 | ||
| 300 | |a 122 p. ; |c 20 cm | ||
| 500 | |a Scritti vari. | ||
| 650 | 7 | |a Televisione |x Aspetti sociali |2 scbi | |
| 650 | 7 | |a Giornalismo televisivo | |
| 700 | 1 | |a Serra, Alessandro, |d (1943-2007) |0 IT\ICCU\CFIV\009521 | |
| 830 | 0 | |a Elementi Feltrinelli. Società |0 IT\ICCU\CFI\0312354 | |
| 942 | |2 ddc |c BK | ||
| 952 | |0 0 |1 0 |2 ddc |4 0 |6 302_234000000000000_BOU_SUL |7 1 |9 2258 |a RN |b RN |d 2024-12-23 |l 0 |o 302.234 BOU SUL |p 9711 |r 2024-12-23 13:41:42 |w 2024-12-23 |y BK | ||
| 981 | 1 | |6 z01 |a i |b xxxe | |
| 982 | 1 | |6 z01 |a n | |
| 999 | |c 1983 |d 1983 | ||